Word Ladder: What to Do to Food Quiz Stats

Quiz Updated Sep 25, 2015

Challenge
Share
Tweet
Embed
Score 0/27 Timer 03:00
4 Plays Today
Clue 4-Letter Word % Correct
Pulverize potatoesMASH
96.4%
Clean with waterWASH
96%
To use an ovenBAKE
92.7%
Moderately hotWARM
91.9%
Tortoise opponentHARE
91%
Witch's facial blemishWART
90.7%
Ham, lamb, or Spam, e.g.MEAT
90.4%
Furnace outputHEAT
90.4%
Detect soundHEAR
90.2%
Incapable of speechMUTE
90.1%
Human-powered vehicleBIKE
88%
Chinese wok dish: ____ frySTIR
87.9%
VomitPUKE
87.7%
MistreatmentHARM
86.6%
Clue 4-Letter Word % Correct
Char the surfaceSEAR
85.1%
Endearingly prettyCUTE
84.3%
Chip shop fishHAKE
84.1%
Soften, as sorbetMELT
84%
'Go', to the dogsMUSH
83.6%
Beer ingredientMALT
82.8%
Trading placeMART
81.6%
White dwarf, e.g.STAR
81.2%
British rock bandMUSE
79.7%
To preserve with saltCURE
78.6%
Word with 'luck' or 'gold'PURE
76.1%
Greek goddess of victoryNIKE
74.1%
Cook quickly, in a wayNUKE
72.2%

Today's Daily Dose

Missing Word
Jazz Songs 'C'

On This Day
January 18th

You're not logged in!

Compare scores with friends on all Sporcle quizzes.
Sign Up with Email
OR
Log In

You Might Also Like...

Show Comments

Extras

Top Quizzes Today


Score Distribution

Your Account Isn't Verified!

In order to create a playlist on Sporcle, you need to verify the email address you used during registration. Go to your Sporcle Settings to finish the process.